[Event "Superettan(Limhamn II-Solna)"]
[Site "?"]
[Date "2013.03.16"]
[Round "8"]
[White "Tadjerbashi, Amir"]
[Black "Landgren, Andreas"]
[Result "1/2-1/2"]
[WhiteElo "2216"]
[BlackElo "2273"]
[PlyCount "56"]

1. e4 c5 2. Nf3 d6 3. d4 cxd4 4. Nxd4 Nf6 5. Nc3 a6 6. g3 e6 7. Bg2 Be7 8. O-O
O-O 9. Be3 Nc6 10. a4 Qc7 11. Kh1 Bd7 12. f4 Nxd4 13. Bxd4 Bc6 14. a5 Nd7 15.
h3 Bf6 16. Bxf6 Nxf6 17. Qd4 Rfe8 18. Rfd1 Rad8 19. Qb4 g6 20. Rd3 d5 21. e5
Ne4 22. Qd4 Bb5 23. Re3 Nxc3 24. Rxc3 Qd7 25. Raa3 Rc8 26. Rxc8 Rxc8 27. Rc3
Rc6 28. Rxc6 Qxc6 1/2-1/2

[Event "Superettan(Limhamn II-Solna)"]
[Site "?"]
[Date "2013.03.16"]
[Round "8"]
[White "Lindborg, Petter"]
[Black "Nylen, Anders"]
[Result "1-0"]
[WhiteElo "2252"]
[BlackElo "2201"]
[PlyCount "125"]

1. d4 Nf6 2. Bg5 Ne4 3. Bf4 d5 4. e3 g6 5. Bd3 Bg7 6. Bxe4 dxe4 7. Nc3 f5 8. f3
exf3 9. Qxf3 c6 10. h4 Be6 11. h5 Qb6 12. O-O-O Na6 13. Qg3 Bf7 14. Nf3 c5 15.
Be5 Bf6 16. hxg6 Bxg6 17. Nd5 Qe6 18. Nf4 Qxa2 19. Bxf6 Rg8 20. Be5 O-O-O 21.
Qe1 Qa1+ 22. Kd2 Qxb2 23. Rb1 Qa2 24. Ra1 Qc4 25. c3 cxd4 26. cxd4 Nc5 27. Kd1
Nb3 28. Nd2 Qc3 29. Nxb3 Qxb3+ 30. Ke2 Bf7 31. Qd2 Bd5 32. Kf2 Bc6 33. Rxa7 Kd7
34. Qa2 Qxa2+ 35. Rxa2 Rg5 36. Rxh7 Rdg8 37. Rh2 Be4 38. Rb2 Rc8 39. Rh1 Rcg8
40. Rg1 e6 41. Rb6 Bc6 42. Bf6 Rg4 43. g3 Ra8 44. Rb2 Rgg8 45. Nd3 Bd5 46. Nc5+
Kc6 47. Nxb7 Ra3 48. Rc1+ Kd7 49. Be5 Rc8 50. Rxc8 Kxc8 51. Nc5 Kd8 52. Bf4 Ke7
53. Ke2 Bc4+ 54. Kd2 Bd5 55. Nd3 Kf6 56. Ne5 Ke7 57. g4 fxg4 58. Nxg4 Ra1 59.
Bg5+ Kd6 60. Ne5 Kc7 61. Rc2+ Kd6 62. Bd8 Rh1 63. Rc7 1-0

[Event "Superettan(Limhamn II-Solna)"]
[Site "?"]
[Date "2013.03.16"]
[Round "8"]
[White "Ollen, Martin"]
[Black "Steneskog, Per"]
[Result "0-1"]
[WhiteElo "2057"]
[BlackElo "2240"]
[PlyCount "110"]

1. e4 e6 2. b3 d5 3. Bb2 dxe4 4. Nc3 Nf6 5. Qe2 Be7 6. Nxe4 Nc6 7. Nf3 O-O 8.
O-O-O a5 9. a4 b6 10. d4 Bb7 11. h4 Nb4 12. Nxf6+ Bxf6 13. Rh3 Qe7 14. c3 Nd5
15. Qd2 Qd6 16. Qc2 Nf4 17. Rg3 Rfd8 18. Ng5 g6 19. Ne4 Bxe4 20. Qxe4 Bxh4 21.
Rf3 Bg5 22. Kb1 Nd5 23. Qg4 Be7 24. Bd3 c5 25. Rh1 Nf6 26. Qh3 cxd4 27. cxd4
Qd5 28. Rxf6 Bxf6 29. Qxh7+ Kf8 30. Qh6+ Ke7 31. Ba3+ Rd6 32. Bxd6+ Qxd6 33.
Qe3 Bxd4 34. Qe4 Rd8 35. Ka2 Bxf2 36. Bc2 Qc5 37. Rh7 Qd4 38. Qxg6 Qf4 39. Qe4
Qxe4 40. Bxe4 Rd2+ 41. Kb1 Bd4 42. Rh3 f5 43. Bb7 Kd6 44. Kc1 Rf2 45. Kd1 e5
46. Rf3 Rxg2 47. Rxf5 Rh2 48. Rg5 Rh3 49. b4 axb4 50. Rg6+ Ke7 51. Bg2 Ra3 52.
Kc2 Rc3+ 53. Kd2 Ra3 54. Rg7+ Kf6 55. Ra7 Ra2+ 0-1

[Event "Superettan(Limhamn II-Solna)"]
[Site "?"]
[Date "2013.03.16"]
[Round "8"]
[White "Johansson, Gunnar"]
[Black "Nurmi, Tommy"]
[Result "1-0"]
[WhiteElo "2225"]
[BlackElo "2119"]
[PlyCount "81"]

1. d4 Nf6 2. Nf3 e6 3. c4 Bb4+ 4. Bd2 Qe7 5. Nc3 d5 6. e3 Nc6 7. a3 Bxc3 8.
Bxc3 Ne4 9. Qb3 Nxc3 10. Qxc3 O-O 11. Be2 a5 12. O-O Rd8 13. Rac1 Bd7 14. Rc2
Be8 15. Rfc1 a4 16. Qe1 Rd6 17. h3 f6 18. cxd5 exd5 19. Rc5 Kf8 20. Bb5 Qe6 21.
Qc3 g5 22. Ne1 h5 23. Nd3 Rb8 24. Bxa4 Qf5 25. Bb5 Bd7 26. Qd2 h4 27. R5c2 Qe4
28. Nc5 Qe8 29. Nxd7+ Qxd7 30. Qd1 Ke7 31. Qh5 Rf8 32. Rc5 Qe6 33. a4 Qc8 34.
Be2 Qa8 35. b3 b6 36. R5c3 Kd8 37. Qh7 Re8 38. Bb5 Re7 39. Bxc6 Rxc6 40. Qg8+
Re8 41. Qxd5+ 1-0

[Event "Superettan(Limhamn II-Solna)"]
[Site "?"]
[Date "2013.03.16"]
[Round "8"]
[White "Astrom, Lars"]
[Black "Wallgren, Ulf"]
[Result "1-0"]
[WhiteElo "2094"]
[BlackElo "2049"]
[PlyCount "61"]

1. e4 c5 2. c3 Nf6 3. e5 Nd5 4. d4 cxd4 5. Nf3 Nc6 6. cxd4 e6 7. Nc3 Nxc3 8.
bxc3 d6 9. exd6 Bxd6 10. Bd3 Qa5 11. Bd2 Qh5 12. h3 f6 13. O-O O-O 14. Re1 Bd7
15. c4 Rae8 16. a4 Bb8 17. a5 e5 18. d5 Nd4 19. Nxd4 Qxd1 20. Rexd1 exd4 21.
Bb4 Rf7 22. c5 Rc8 23. Bc4 Bd6 24. Rxd4 Be5 25. Rad1 Bxd4 26. Rxd4 a6 27. c6
bxc6 28. dxc6 Bxc6 29. Bxa6 Bb7 30. Bc4 Ba8 31. Rd7 1-0

[Event "Superettan(Sollentuna-Orebro)"]
[Site "?"]
[Date "2013.03.16"]
[Round "8"]
[White "Zetterberg, Staffan"]
[Black "Ernst, Thomas"]
[Result "1/2-1/2"]
[WhiteElo "2300"]
[BlackElo "2434"]
[PlyCount "35"]
[SourceDate "2013.04.09"]

1. Nf3 Nf6 2. c4 g6 3. g3 Bg7 4. Bg2 O-O 5. Nc3 d6 6. O-O Nc6 7. Rb1 e5 8. b4
a6 9. a4 Bf5 10. d3 Qd7 11. b5 axb5 12. axb5 Nd8 13. Re1 Bh3 14. Bh1 Ne6 15.
Ng5 Nxg5 16. Bxg5 c6 17. Bxf6 Bxf6 18. Qb3 1/2-1/2

[Event "Superettan(Sollentuna-Orebro)"]
[Site "?"]
[Date "2013.03.16"]
[Round "8"]
[White "Poley, Vladimir"]
[Black "Nygren, Kim"]
[Result "0-1"]
[WhiteElo "2440"]
[BlackElo "2302"]
[PlyCount "74"]

1. d4 d5 2. Nf3 e6 3. e3 f5 4. Bd3 Bd6 5. h3 Nh6 6. c4 c6 7. Nc3 O-O 8. Bd2 Nd7
9. cxd5 exd5 10. g4 Nb6 11. Qc2 fxg4 12. Bxh7+ Kh8 13. Ne5 Bxe5 14. dxe5 gxh3
15. Ne2 Rxf2 16. Kxf2 Qh4+ 17. Ng3 Ng4+ 18. Ke2 Qxg3 19. Raf1 Bd7 20. Rhg1 Qh2+
21. Ke1 Nc4 22. Bc3 Qxc2 23. Bxc2 Ncxe3 24. Bg6 Nxf1 25. Rxf1 Ne3 26. Rf2 c5
27. Bf7 Rf8 28. e6 Bxe6 29. Bxe6 Rxf2 30. Bxh3 Rh2 31. Bc8 d4 32. Bd2 d3 33.
Bxe3 Re2+ 34. Kd1 Rxe3 35. Bxb7 Re2 36. b3 Rxa2 37. Be4 d2 0-1

[Event "Superettan(Sollentuna-Orebro)"]
[Site "?"]
[Date "2013.03.16"]
[Round "8"]
[White "Lind, Jan-Olov"]
[Black "Kassani, Sam"]
[Result "0-1"]
[WhiteElo "2267"]
[BlackElo "2262"]
[PlyCount "106"]

1. e4 c6 2. d3 d5 3. Nd2 e5 4. Ngf3 Bd6 5. g3 Nf6 6. Bg2 O-O 7. O-O Re8 8. a3
a5 9. b3 Qc7 10. Bb2 Nbd7 11. Re1 b6 12. Qb1 Bb7 13. Re2 Rad8 14. Qa2 Ba6 15.
Rae1 b5 16. Qa1 d4 17. Nh4 c5 18. Nf5 Bf8 19. Bf1 g6 20. Nh4 Nb6 21. f4 exf4
22. gxf4 Qxf4 23. Ndf3 Ng4 24. Bc1 Ne3 25. Bxe3 dxe3 26. Rxe3 Bg7 27. e5 Qg4+
28. Bg2 Bb7 29. Re4 Bxe4 30. Rxe4 Qd7 31. Qc3 Qc7 32. Qxa5 Nd5 33. Qe1 Qa7 34.
c4 Nc7 35. cxb5 Nxb5 36. a4 Nd4 37. Nxd4 Rxd4 38. Rxd4 cxd4 39. Nf3 Bxe5 40.
Nxe5 Qc7 41. h3 Rxe5 42. Qg3 Qc1+ 43. Kh2 Qe3 44. Be4 Qe2+ 45. Bg2 Re3 46. Qb8+
Kg7 47. a5 Rxd3 48. a6 Rd2 49. Qb7 Qe5+ 50. Kg1 Rd1+ 51. Bf1 Qe3+ 52. Kg2 Rd2+
53. Kh1 Qg3 0-1

[Event "Superettan(Sollentuna-Orebro)"]
[Site "?"]
[Date "2013.03.16"]
[Round "8"]
[White "Vaarala, Eric"]
[Black "Drugge, Patrick"]
[Result "0-1"]
[WhiteElo "2340"]
[BlackElo "2254"]
[PlyCount "114"]
[SourceDate "2013.04.09"]

1. c4 e6 2. Nf3 d5 3. d4 c6 4. e3 f5 5. Bd3 Nf6 6. b3 Bd6 7. O-O Qe7 8. Bb2 O-O
9. Qc1 b6 10. Ba3 Bxa3 11. Qxa3 Qxa3 12. Nxa3 Ba6 13. Ne5 Nfd7 14. f4 Nxe5 15.
fxe5 c5 16. Rfd1 cxd4 17. exd4 Rd8 18. Rac1 dxc4 19. Bxc4 Bxc4 20. Nxc4 Na6 21.
Nd6 Nb4 22. a3 Nd5 23. Kf2 Rd7 24. Rc2 Rad8 25. Rdc1 h6 26. b4 Nf6 27. Rc8 Nd5
28. Nb7 Rf8 29. Rxf8+ Kxf8 30. Rc8+ Ke7 31. Nd6 Rd8 32. Rc4 Rd7 33. Nb5 Kd8 34.
Rc6 a6 35. Nd6 Rc7 36. Rxc7 Nxc7 37. g3 Nb5 38. Nc4 Nxd4 39. Nxb6 Kc7 40. Nc4
Kc6 41. Ke3 Kd5 42. Nb6+ Kxe5 43. Nd7+ Kd6 44. Nc5 Nc2+ 45. Kd3 Nxa3 46. Nxa6
e5 47. Nc5 Kd5 48. Na6 e4+ 49. Ke2 Nb5 50. Ke3 g5 51. Nc5 Nd4 52. Na6 Ke5 53.
Kf2 f4 54. Nc5 e3+ 55. Kf1 f3 56. h3 Nc2 57. Nd3+ Kd4 0-1

[Event "Superettan(Sollentuna-Orebro)"]
[Site "?"]
[Date "2013.03.16"]
[Round "8"]
[White "Blomstrom, Lars"]
[Black "Bostrom, Gabriel"]
[Result "1/2-1/2"]
[WhiteElo "2230"]
[BlackElo "2113"]
[PlyCount "189"]

1. e4 c5 2. Nc3 e6 3. g3 a6 4. Bg2 d6 5. d3 b5 6. f4 Bb7 7. Nf3 Nc6 8. O-O Nge7
9. Be3 Qc7 10. Qd2 g6 11. d4 Na5 12. dxc5 Nc4 13. Qf2 Nxe3 14. cxd6 Qb6 15.
Rfe1 Nc6 16. Qxe3 Qxe3+ 17. Rxe3 Bxd6 18. Rd3 O-O-O 19. Ng5 Bc5+ 20. Kf1 Nb4
21. Nxf7 Rxd3 22. cxd3 Rf8 23. Ng5 Kd7 24. Bh3 Re8 25. Rc1 Be3 26. Rd1 Nc2 27.
Ke2 Bb6 28. Nf3 Nd4+ 29. Nxd4 Bxd4 30. a3 Rc8 31. Kd2 Ke7 32. Rc1 a5 33. Rc2
Ba6 34. Nd5+ Kd6 35. Rxc8 Bxc8 36. Nc3 Bd7 37. Bg2 b4 38. axb4 axb4 39. Nd1 Bg1
40. h3 Bh2 41. Ke3 Bxg3 42. e5+ Kc5 43. b3 Bh2 44. d4+ Kb6 45. Nb2 Bg1+ 46. Kd3
Bb5+ 47. Nc4+ Kc7 48. d5 Kd7 49. Be4 exd5 50. Bxd5 Ke7 51. Ke4 Bd7 52. e6 Bxe6
53. Bxe6 Kxe6 54. Ne5 Bc5 55. Nf3 h6 56. Ne5 g5 57. fxg5 hxg5 58. Nd3 Bd6 59.
Nf2 Be5 60. Ng4 Bf4 61. Nf2 Bd2 62. Nd3 Bc3 63. Nc1 Kf6 64. Ne2 Be1 65. Nd4 Kg6
66. Nf3 Bc3 67. Nh2 Be1 68. Nf3 Bg3 69. Nd4 Be1 70. Nf3 Bf2 71. Ne5+ Kh5 72.
Nd3 Bg1 73. Nxb4 Kh4 74. Kf5 Be3 75. Nd5 Bd2 76. Nf6 Kxh3 77. Ne4 Bb4 78. Nxg5+
Kg3 79. Ke4 Be7 80. Ne6 Kf2 81. Kd5 Bb4 82. Nd4 Bd2 83. Kc4 Ke3 84. Nb5 Ke4 85.
Nc3+ Ke5 86. b4 Bxc3 87. Kxc3 Kd5 88. Kd3 Kc6 89. Kc4 Kb6 90. b5 Kb7 91. Kc5
Kc7 92. b6+ Kb8 93. Kc6 Kc8 94. b7+ Kb8 95. Kb6 1/2-1/2

[Event "Superettan(Sollentuna-Orebro)"]
[Site "?"]
[Date "2013.03.16"]
[Round "8"]
[White "Walinder, Lars"]
[Black "Larsson, Patrik"]
[Result "1-0"]
[WhiteElo "2197"]
[BlackElo "1991"]
[PlyCount "99"]

1. c4 Nf6 2. g3 g6 3. Bg2 d5 4. cxd5 Nxd5 5. Nc3 Nb6 6. d3 Bg7 7. Be3 O-O 8.
Qd2 Nc6 9. Bh6 Bxh6 10. Qxh6 Nd4 11. O-O-O Qd6 12. Nf3 Nf5 13. Qd2 Qb4 14. h4
Na4 15. a3 Qb3 16. Nxa4 Qxa4 17. h5 Be6 18. g4 Nd4 19. Kb1 c5 20. Nxd4 Qxd4 21.
Qh6 Qg7 22. Qxg7+ Kxg7 23. Bxb7 Rab8 24. Bf3 Kf6 25. Rc1 Rfc8 26. Rc3 c4 27.
hxg6 hxg6 28. d4 Kg5 29. Rhc1 Bxg4 30. Bxg4 Kxg4 31. Rxc4 Rxc4 32. Rxc4 Rb7 33.
Kc2 f5 34. b4 g5 35. Kd3 Kh3 36. Rc5 e6 37. Re5 Kg2 38. f3 g4 39. fxg4 fxg4 40.
Rxe6 a5 41. bxa5 Rb3+ 42. Kc4 Rxa3 43. a6 Kf2 44. e4 g3 45. Rf6+ Ke3 46. e5
Ra4+ 47. Kb5 Rxd4 48. a7 Rd8 49. Rg6 Kf3 50. Kb6 1-0

[Event "Superettan(Sollentuna-Orebro)"]
[Site "?"]
[Date "2013.03.16"]
[Round "8"]
[White "Jonsson, Krister"]
[Black "Jakenberg, Jussi"]
[Result "1/2-1/2"]
[WhiteElo "2168"]
[BlackElo "2059"]
[PlyCount "120"]

1. d4 g6 2. c4 Bg7 3. e4 d6 4. Nc3 f5 5. exf5 Bxf5 6. Nf3 Nh6 7. Be2 O-O 8. O-O
Bg4 9. Ng5 Bc8 10. d5 Nf5 11. Bd3 c5 12. Be3 Na6 13. Qe2 Nc7 14. Rae1 Re8 15.
Qf3 Rf8 16. Qe4 Nxe3 17. Rxe3 Bf5 18. Qh4 h6 19. Ne6 Nxe6 20. dxe6 g5 21. Qh5
Qe8 22. Qxe8 Raxe8 23. Nd5 Bxb2 24. Bxf5 Rxf5 25. Rb3 Bf6 26. Rxb7 Re5 27. Rxa7
Re4 28. Rc1 Kf8 29. f3 Re2 30. Kf1 Rb2 31. Nxf6 exf6 32. Rf7+ Kg8 33. Rxf6 Kg7
34. Rf7+ Kg6 35. Re1 Rxa2 36. Rd7 Rd2 37. Re4 Kf6 38. e7 Kf7 39. h3 Kf6 40. Ke1
Rxg2 41. Rxd6+ Kg7 42. Rc6 Rh2 43. Rxc5 Rxh3 44. Kf2 Kf6 45. Rc6+ Kf7 46. Kg2
Rh5 47. Rce6 Rh4 48. Rxh4 Kxe6 49. Rxh6+ Kxe7 50. Rc6 Rf8 51. Kg3 Rf4 52. Rc5
Ke6 53. Rxg5 Rxc4 54. Ra5 Rc6 55. Kg4 Kf7 56. f4 Rb6 57. Kg5 Rc6 58. Ra7+ Kf8
59. f5 Rb6 60. Rh7 Ra6 1/2-1/2

[Event "Superettan(Sollentuna-Orebro)"]
[Site "?"]
[Date "2013.03.16"]
[Round "8"]
[White "Duenas, Alexis"]
[Black "Skoog, Daniel"]
[Result "0-1"]
[WhiteElo "1891"]
[BlackElo "1836"]
[PlyCount "68"]

1. d4 d5 2. c4 e6 3. Nc3 Be7 4. Nf3 Nf6 5. Bg5 h6 6. Bh4 O-O 7. e3 b6 8. Be2
Bb7 9. Bxf6 Bxf6 10. cxd5 exd5 11. b4 c5 12. bxc5 bxc5 13. Rb1 Qc7 14. Qb3 cxd4
15. exd4 Bc6 16. O-O Qd6 17. Bb5 Rd8 18. Rfc1 a6 19. Ba4 Bxa4 20. Qxa4 Nd7 21.
Qa5 Nf8 22. Rb6 Qf4 23. Ne2 Qe4 24. Rxa6 Rac8 25. Re1 Ne6 26. h3 Qc2 27. Kh1
Ng5 28. Nxg5 Bxg5 29. Qa4 Re8 30. f4 Bf6 31. Qd7 Rcd8 32. Qg4 Qd2 33. Rb1 Qxe2
34. Qg3 Qxa6 0-1

[Event "Superettan(Schack 08-Stockholms SS)"]
[Site "?"]
[Date "2013.03.16"]
[Round "8"]
[White "Couso, Luis"]
[Black "Laveryd, Peter"]
[Result "0-1"]
[WhiteElo "2296"]
[BlackElo "2431"]
[PlyCount "92"]

1. e4 Nc6 2. Nf3 d6 3. d4 Nf6 4. Nc3 Bg4 5. Bb5 a6 6. Bxc6+ bxc6 7. Qe2 d5 8.
e5 Nd7 9. h3 Bxf3 10. Qxf3 e6 11. Qg3 g6 12. Ne2 c5 13. c3 cxd4 14. cxd4 c5 15.
O-O Bg7 16. Be3 O-O 17. Rac1 Qa5 18. Nc3 Rfb8 19. b3 Rc8 20. f4 c4 21. Bf2 cxb3
22. axb3 Qa3 23. Ne2 a5 24. Qd3 Rcb8 25. Rc3 a4 26. Rb1 Qb4 27. Be1 Qb7 28. Ra1
Nb6 29. Qb5 a3 30. Nc1 Qa7 31. Qd3 Bf8 32. Na2 Nc8 33. Rac1 Ne7 34. g4 Rc8 35.
Rxc8 Rxc8 36. Rxc8 Nxc8 37. f5 exf5 38. gxf5 Ne7 39. f6 Nc6 40. Bc3 Nxe5 41.
Qb5 Nf3+ 42. Kg2 Nxd4 43. Qxd5 Ne2 44. Qd8 Nxc3 45. Nxc3 a2 46. Nd5 Qb7 0-1

[Event "Superettan(Schack 08-Stockholms SS)"]
[Site "?"]
[Date "2013.03.16"]
[Round "8"]
[White "Renman, Nils-Gustaf"]
[Black "Hammar, Bengt"]
[Result "1/2-1/2"]
[WhiteElo "2410"]
[BlackElo "2262"]
[PlyCount "61"]

1. d4 Nf6 2. Nf3 g6 3. c4 Bg7 4. Nc3 d5 5. cxd5 Nxd5 6. e4 Nxc3 7. bxc3 O-O 8.
Be3 c5 9. Qd2 Bg4 10. Ng5 cxd4 11. cxd4 Nc6 12. h3 Bc8 13. Nf3 e6 14. Rc1 Qa5
15. Qxa5 Nxa5 16. Bd3 Nc6 17. Ke2 Rd8 18. Rc4 Bd7 19. Rhc1 Bf8 20. Bd2 a5 21.
Bg5 Rdc8 22. a4 Na7 23. Ne5 Be8 24. Rxc8 Nxc8 25. Rb1 Nd6 26. Nc4 Nxc4 27. Bxc4
Bb4 28. Bb5 Bxb5+ 29. axb5 Kf8 30. Kd3 Ke8 31. Bd2 1/2-1/2

[Event "Superettan(Schack 08-Stockholms SS)"]
[Site "?"]
[Date "2013.03.16"]
[Round "8"]
[White "Bergstrom, Rolf"]
[Black "Ingbrant, Johan"]
[Result "1/2-1/2"]
[WhiteElo "2319"]
[BlackElo "2437"]
[PlyCount "39"]

1. e4 d6 2. d4 Nf6 3. Nc3 e5 4. dxe5 dxe5 5. Qxd8+ Kxd8 6. Bc4 Ke8 7. Nf3 Bd6
8. Bg5 Nbd7 9. O-O-O a6 10. a4 h6 11. Bh4 g6 12. Ne1 Kf8 13. Nd3 Kg7 14. f3 Re8
15. Rd2 Nb6 16. Bb3 Be6 17. Bxe6 Rxe6 18. b3 Nbd7 19. Rhd1 Rb8 20. Kb2 1/2-1/2

[Event "Superettan(Schack 08-Stockholms SS)"]
[Site "?"]
[Date "2013.03.16"]
[Round "8"]
[White "Ottenklev, Niclas"]
[Black "Henriksson, Johan"]
[Result "0-1"]
[WhiteElo "2201"]
[BlackElo "2277"]
[PlyCount "58"]

1. e4 c6 2. c4 d5 3. exd5 cxd5 4. cxd5 Nf6 5. Nc3 Nxd5 6. Nf3 e6 7. d4 Be7 8.
Bd3 Nc6 9. O-O O-O 10. Re1 Nxc3 11. bxc3 b6 12. Qe2 Bb7 13. h4 Na5 14. Ng5 Bxg5
15. hxg5 Rc8 16. Qg4 Nc4 17. Bxc4 Rxc4 18. Re3 Qd5 19. Qg3 Rfc8 20. Bd2 Ra4 21.
a3 Qb3 22. Qh4 Qb2 23. Rd1 Qc2 24. Qg4 Rxa3 25. Rxe6 fxe6 26. Qxe6+ Kh8 27. Re1
Qg6 28. Qe7 Qc6 29. d5 Qxd5 0-1

[Event "Superettan(Schack 08-Stockholms SS)"]
[Site "?"]
[Date "2013.03.16"]
[Round "8"]
[White "Carlsten, Peter"]
[Black "Hansson, Christian"]
[Result "1-0"]
[WhiteElo "2059"]
[BlackElo "2077"]
[PlyCount "83"]

1. e4 e6 2. d4 d5 3. Nd2 dxe4 4. Nxe4 Nf6 5. Nxf6+ Qxf6 6. Nf3 h6 7. Be3 Nc6 8.
Bb5 Bd7 9. Qe2 Bd6 10. O-O-O a6 11. Bc4 b5 12. Bd3 O-O 13. g4 Bf4 14. h4 Nb4
15. Be4 Bc6 16. g5 Bxe3+ 17. Qxe3 Qe7 18. Bxc6 Nxc6 19. gxh6 f5 20. hxg7 Rf7
21. Rdg1 Qf6 22. Ng5 Rxg7 23. Nxe6 Rxg1+ 24. Rxg1+ Kh8 25. Qf3 Qh6+ 26. Kd1 Re8
27. Rg5 Rxe6 28. Rh5 Nxd4 29. Rxh6+ Rxh6 30. Qc3 Rxh4 31. Qxc7 Rh1+ 32. Kd2
Nf3+ 33. Ke3 Rh3 34. Qc8+ Kg7 35. Qxf5 Ng1+ 36. Kd2 Nf3+ 37. Kc3 Ng5+ 38. Kb4
Rh4+ 39. Ka5 Ra4+ 40. Kb6 Nf7 41. a3 b4 42. Qd7 1-0

[Event "Superettan(Schack 08-Stockholms SS)"]
[Site "?"]
[Date "2013.03.16"]
[Round "8"]
[White "Faldt, Magnus"]
[Black "Nilsson, Mats E"]
[Result "1-0"]
[WhiteElo "2211"]
[BlackElo "2093"]
[PlyCount "115"]

1. d4 e6 2. c4 b6 3. Nc3 Bb7 4. a3 f5 5. Nf3 Nf6 6. g3 g6 7. Bg2 Bg7 8. O-O O-O
9. b4 a5 10. Bb2 Qe7 11. Qb3 axb4 12. axb4 Nc6 13. c5 Rfb8 14. d5 exd5 15. Nxd5
Nxd5 16. Qxd5+ Kh8 17. Bxg7+ Qxg7 18. Rxa8 Bxa8 19. cxb6 cxb6 20. b5 Na5 21.
Qd6 Re8 22. Qxb6 Nc4 23. Qc7 d5 24. Qxg7+ Kxg7 25. Nd4 Bb7 26. Ra1 Ra8 27. Rd1
Rc8 28. Ne6+ Kf6 29. Nf4 Nd6 30. Bxd5 Bxd5 31. Rxd5 Ne4 32. b6 Rb8 33. Rb5 Rb7
34. h4 Nd6 35. Rc5 Kf7 36. Rc6 Nb5 37. h5 gxh5 38. Nxh5 Ke7 39. Nf4 Nd6 40.
Nd5+ Ke6 41. Rc5 Ne4 42. Nf4+ Kf6 43. Rc6+ Ke7 44. Kg2 Nd6 45. Nd5+ Kd7 46. Rc5
Ke6 47. f3 Ke5 48. Nc7+ Kf6 49. Rc6 Ke7 50. Nd5+ Ke6 51. Nb4 Kd7 52. Kf2 h5 53.
Ke3 Nc8 54. Rc7+ Rxc7 55. bxc7 Kxc7 56. Kf4 Ne7 57. Ke5 Kd7 58. e3 1-0

[Event "Superettan(Schack 08-Stockholms SS)"]
[Site "?"]
[Date "2013.03.16"]
[Round "8"]
[White "Asberg, Anders"]
[Black "Arvidsson, Tomas"]
[Result "1-0"]
[WhiteElo "2023"]
[BlackElo "2011"]
[PlyCount "77"]

1. e4 c5 2. Nf3 Nc6 3. d4 cxd4 4. Nxd4 Nf6 5. Nc3 e5 6. Ndb5 d6 7. Nd5 Nxd5 8.
exd5 Ne7 9. c4 Nf5 10. Bd3 Be7 11. O-O a6 12. Nc3 O-O 13. Kh1 Bg5 14. f4 exf4
15. Bxf4 Bxf4 16. Rxf4 Qg5 17. Qf3 Nh4 18. Qf2 Nxg2 19. Rd4 Qe3 20. Kxg2 Bh3+
21. Kg1 Qxf2+ 22. Kxf2 f5 23. Rg1 Rae8 24. Rh4 Bg4 25. h3 g5 26. Rh6 Kg7 27.
Rxd6 h5 28. hxg4 fxg4+ 29. Kg2 Re3 30. Rd7+ Kg8 31. Bh7+ Kh8 32. Rf1 Rxf1 33.
Kxf1 h4 34. Bg6 g3 35. Kg2 Kg8 36. Rh7 b5 37. d6 Re6 38. Bf7+ Kxh7 39. Bxe6 1-0

[Event "Superettan(Schack 08-Stockholms SS)"]
[Site "?"]
[Date "2013.03.16"]
[Round "8"]
[White "Stenman, Christoffer"]
[Black "Blazekovic, Nina"]
[Result "1-0"]
[WhiteElo "1933"]
[BlackElo "1803"]
[PlyCount "91"]

1. e4 c5 2. Nc3 Nc6 3. g3 g6 4. Bg2 Bg7 5. d3 d6 6. f4 e6 7. Nf3 Nge7 8. O-O
O-O 9. Be3 b6 10. d4 Ba6 11. Re1 Rc8 12. Qd2 d5 13. exd5 exd5 14. Bf2 c4 15.
Ne5 Qd6 16. Nxc6 Rxc6 17. Rxe7 Qxe7 18. Nxd5 Qd8 19. Ne7+ Qxe7 20. Bxc6 Bb7 21.
Re1 Qc7 22. Bxb7 Qxb7 23. Qb4 Qd5 24. c3 Bf6 25. Qa4 a5 26. Qc2 Qc6 27. Qe4 Qb5
28. Re2 Qa4 29. a3 Qd1+ 30. Kg2 b5 31. Qc2 Qxc2 32. Rxc2 Re8 33. Kf3 Kf8 34.
Rd2 Re7 35. d5 Ke8 36. Bb6 a4 37. d6 Rb7 38. Bc7 Kd7 39. Ke4 Bg7 40. Kd5 Bf8
41. h4 h5 42. f5 Bh6 43. Re2 Bf8 44. fxg6 fxg6 45. Rf2 Bh6 46. Rf7+ 1-0

[Event "Superettan(Farsta-Schack 08)"]
[Site "?"]
[Date "2013.03.17"]
[Round "9"]
[White "Ingbrant, Johan"]
[Black "Sammalvuo, Tapani"]
[Result "0-1"]
[WhiteElo "2437"]
[BlackElo "2516"]
[PlyCount "226"]

1. d4 Nf6 2. c4 e6 3. g3 d5 4. Nf3 Be7 5. Bg2 O-O 6. Qc2 c5 7. dxc5 Qa5+ 8.
Nbd2 Qxc5 9. O-O Nc6 10. a3 a5 11. b3 d4 12. Ne1 Qh5 13. Ne4 e5 14. Nxf6+ Bxf6
15. e4 dxe3 16. Bxe3 Bg4 17. Ra2 Bd1 18. Qb1 Rfd8 19. Bd5 Ne7 20. Be4 Rd7 21.
f3 Bg5 22. Ng2 f5 23. Rxd1 Rxd1+ 24. Qxd1 fxe4 25. Bxg5 Qxg5 26. fxe4 Qg6 27.
Qd3 Nc6 28. Ne3 Nd4 29. Nd5 Qd6 30. Kg2 Rf8 31. b4 Rf3 32. Qxf3 Nxf3 33. Kxf3
Kf8 34. Rd2 Qh6 35. Ne3 Qh5+ 36. Kg2 Qg5 37. Rd3 Qg6 38. Nf5 Qc6 39. Nd6 Qa4
40. Rf3+ Ke7 41. Nxb7 Qc2+ 42. Kh3 g5 43. Rf5 g4+ 44. Kh4 Qxh2+ 45. Kxg4 h5+
46. Rxh5 Qe2+ 47. Kh4 Qxe4+ 48. g4 Qe1+ 49. Kg5 Qe3+ 50. Kh4 Qf2+ 51. Kh3 Qf3+
52. Kh4 Qf2+ 53. Kh3 Qf1+ 54. Kh4 Qe1+ 55. Kg5 Qe3+ 56. Kh4 axb4 57. axb4 Qf2+
58. Kh3 Qe3+ 59. Kh4 Qe1+ 60. Kg5 Qd2+ 61. Kh4 Kf6 62. Rf5+ Kg6 63. Kg3 Qe1+
64. Kh3 Qh1+ 65. Kg3 Qe1+ 66. Kh3 Qc3+ 67. Kh4 Qd2 68. Kg3 Qxb4 69. Rxe5 Qxb7
70. Rf5 Qb3+ 71. Kh4 Qxc4 72. Rg5+ Kf6 73. Rf5+ Ke6 74. Kg3 Qe2 75. Kh3 Qe3+
76. Kg2 Qe1 77. Kh3 Kd6 78. Kg2 Qh4 79. Kf3 Ke6 80. Rh5 Qe1 81. Rf5 Qg1 82. Rh5
Kf6 83. Rf5+ Kg6 84. Rh5 Qf1+ 85. Kg3 Qd3+ 86. Kh4 Qd2 87. Kg3 Qe3+ 88. Kh4 Qf4
89. Kh3 Qf3+ 90. Kh4 Qg2 91. Rg5+ Kf6 92. Rf5+ Ke6 93. Kg5 Qh2 94. Rf6+ Ke5 95.
Rf5+ Ke4 96. Rf6 Qh8 97. Rf4+ Ke3 98. Rf5 Qh7 99. Rf1 Qh8 100. Rf5 Ke2 101. Rf6
Qg7+ 102. Kf5 Kf3 103. g5 Qd7+ 104. Kg6+ Kg4 105. Kh6 Qe8 106. Kg7 Kxg5 107.
Rf7 Qe6 108. Kf8 Qd5 109. Kg7 Qd6 110. Kh7 Qg6+ 111. Kh8 Kh6 112. Re7 Qf6+ 113.
Kg8 Qxe7 0-1

[Event "Superettan(Farsta-Schack 08)"]
[Site "?"]
[Date "2013.03.17"]
[Round "9"]
[White "Nikcevic, Nebojsa"]
[Black "Renman, Nils-Gustaf"]
[Result "1-0"]
[WhiteElo "2482"]
[BlackElo "2410"]
[PlyCount "63"]
[EventDate "2013.??.??"]

1. d4 d5 2. Nf3 c6 3. c4 e6 4. Nc3 Nf6 5. g3 dxc4 6. Bg2 b5 7. Ne5 Nd5 8. e4
Nxc3 9. bxc3 Bb7 10. Qh5 Qc7 11. Bf4 g6 12. Qf3 Bd6 13. Nxf7 Bxf4 14. Nxh8 Bh6
15. Qg4 Kf8 16. Nxg6+ hxg6 17. Qxg6 Bg7 18. Qxe6 c5 19. O-O cxd4 20. Qf5+ Kg8
21. Qxb5 Nd7 22. cxd4 Nb6 23. Rad1 c3 24. Rd3 Rc8 25. Rc1 Qf7 26. Rcxc3 Rxc3
27. Rxc3 Bxd4 28. Rf3 Qe6 29. Qg5+ Bg7 30. Qd8+ Kh7 31. Rf4 Bh6 32. Qc7+ 1-0

[Event "Superettan(Farsta-Schack 08)"]
[Site "?"]
[Date "2013.03.17"]
[Round "9"]
[White "von Bahr, Oskar"]
[Black "Ottenklev, Niclas"]
[Result "1-0"]
[WhiteElo "2360"]
[BlackElo "2201"]
[PlyCount "137"]

1. c4 f5 2. g3 Nf6 3. Bg2 g6 4. Nc3 Bg7 5. d3 O-O 6. e4 d6 7. Nge2 e5 8. O-O
Nc6 9. Nd5 Be6 10. Bg5 Qd7 11. Qd2 Rab8 12. Rad1 Nd4 13. Nxd4 exd4 14. Bxf6
Bxf6 15. exf5 gxf5 16. Rfe1 Kh8 17. Nxc7 Bxc4 18. dxc4 Qxc7 19. b3 Rbe8 20.
Rxe8 Rxe8 21. Re1 Re7 22. Bh3 Rxe1+ 23. Qxe1 f4 24. Bf5 Qe7 25. Qxe7 Bxe7 26.
Kg2 fxg3 27. hxg3 Kg7 28. Kf3 d5 29. cxd5 Bc5 30. Bd3 h6 31. Ke4 Kf6 32. f4 a5
33. Bb5 Kf7 34. Ke5 Ke7 35. Bc4 b6 36. Bb5 Bd6+ 37. Kxd4 Kf6 38. Bd7 Bc5+ 39.
Kc4 Ke7 40. Be6 Bf2 41. Kb5 Kd6 42. f5 Bd4 43. g4 Kc7 44. Ka6 Be5 45. Bf7 Bd4
46. Be8 Be5 47. Bb5 Bd4 48. Be2 Be5 49. Bf3 Bd4 50. Kb5 Be5 51. Bg2 Bd4 52. Bf1
Be5 53. Ka6 Bd4 54. Bb5 Be5 55. Ba4 Bd4 56. Kb5 Be5 57. d6+ Bxd6 58. Kc4 Be7
59. Kd5 Kd8 60. Ke6 Bb4 61. f6 Bc3 62. f7 Bg7 63. Be8 Bf8 64. Kf6 Kc7 65. Kg6
Kd6 66. Kh7 Ke6 67. Kg8 Ke7 68. a4 h5 69. g5 1-0

[Event "Superettan(Farsta-Schack 08)"]
[Site "?"]
[Date "2013.03.17"]
[Round "9"]
[White "Hansson, Christian"]
[Black "Hjelm, Niclas"]
[Result "0-1"]
[WhiteElo "2077"]
[BlackElo "2386"]
[PlyCount "60"]

1. e4 e5 2. Nf3 Nc6 3. Bc4 Bc5 4. c3 Nf6 5. d4 exd4 6. cxd4 Bb4+ 7. Bd2 Bxd2+
8. Nbxd2 d5 9. exd5 Nxd5 10. Qb3 Nce7 11. O-O O-O 12. Rfe1 Nb6 13. Bd3 Ned5 14.
Rac1 Be6 15. Bb1 c6 16. Ne4 Nf6 17. Qd3 Nxe4 18. Qxe4 g6 19. Ne5 Qf6 20. Rc3
Rad8 21. Rf3 Qg7 22. Qh4 Rd6 23. Qe7 Rxd4 24. Nxg6 hxg6 25. Bxg6 Qxg6 26. Rxe6
Qxe6 27. Rg3+ Rg4 28. Qxe6 fxe6 29. Rxg4+ Kf7 30. h4 Nd5 0-1